| 000 | 00495nam a2200169Ia 4500 | ||
|---|---|---|---|
| 999 |
_c8934 _d8934 |
||
| 003 | OSt | ||
| 005 | 20201007133512.0 | ||
| 008 | 190216s9999||||xx |||||||||||||| ||und|| | ||
| 040 | _coclc | ||
| 082 |
_a005.133 _bSAN/P |
||
| 100 |
_aSanghavi, Hitesh _95397 |
||
| 245 | 0 |
_aProgramming With Visual C ++ / _cHitesh Sanghavi |
|
| 260 |
_bVikas Publishing House, _aNew Delhi: _c2002. |
||
| 300 | _a492p | ||
| 650 | _aComputer | ||
| 942 |
_cBK _2ddc _h005.133 _iSAN/P _k005.133 _mSAN/P |
||